Music Quiz

Random Music or Musical Quiz

Piano Key Blitz Quiz Stats

 Plays Quiz Updated Apr 11, 2018

Challenge
Share
Tweet
Score 0/14 Timer 00:30
0 Plays Today
% Correct
A
71.5%
A
70.7%
C
68.8%
C
68.3%
B
67.5%
D
67.5%
D
67.4%
% Correct
E
67.3%
F
66.7%
G
66.5%
F
66.4%
G
66.3%
E
66.3%
B
64.9%

You're not logged in!

Compare scores with friends on all Sporcle quizzes.
OR
Log In

You Might Also Like...

Show Comments

Extras

Top Quizzes Today


Score Distribution

Your Account Isn't Verified!

In order to create a playlist on Sporcle, you need to verify the email address you used during registration. Go to your Sporcle Settings to finish the process.

Report this User

Report this user for behavior that violates our Community Guidelines.

Details: